| 000 | 00000nam 2200000zi 4500 |
| 001 | 9.931043 |
| 003 | CaOODSP |
| 005 | 20240219085140 |
| 006 | m o d f |
| 007 | cr cn||||||||| |
| 008 | 231201e201802##onca o f000 0 eng d |
| 040 | |aCaOODSP|beng|erda|cCaOODSP |
| 043 | |an-cn-nu |
| 086 | 1 |aR118-10/2018E-PDF |
| 245 | 00|aFinancial review of the Nunavut Planning Commission. |
| 264 | 1|a[Ottawa] : |bCrown-Indigenous Relations and Northern Affairs Canada = Relations Couronne-Autochtones et affaires du Nord Canada, |cFebruary 2018. |
| 300 | |a1 online resource (7 pages) : |billustrations |
| 336 | |atext|btxt|2rdacontent |
| 337 | |acomputer|bc|2rdamedia |
| 338 | |aonline resource|bcr|2rdacarrier |
| 500 | |aCover title. |
| 520 | |a"Crown-Indigenous Relations and Northern Affairs Canada (CIRNAC) contracted Ernst and Young to perform a follow-up to the previous financial review of the Nunavut Planning Commission (NPC)"--Background, page 2. |
| 650 | 0|aAdministrative agencies|zNunavut|xManagement|xAuditing. |
| 650 | 0|aAdministrative agencies|zNunavut|xFinance|xAuditing. |
| 650 | 6|aAdministration publique|zNunavut|xGestion|xAudit. |
| 650 | 6|aAdministration publique|zNunavut|xFinances|xAudit. |
| 710 | 1 |aCanada. |bCrown-Indigenous Relations and Northern Affairs Canada, |eissuing body. |
| 856 | 40|qPDF|s145 KB|uhttps://publications.gc.ca/collections/collection_2024/rcaanc-cirnac/R118-10-2018-eng.pdf |
| 856 | 4 |qHTML|sN/A|uhttps://www.rcaanc-cirnac.gc.ca/eng/1541609729267/1541609760976 |